[Event "Titled Tue 20th May Early"]
[Site "chess.com INT"]
[Date "2025.05.20"]
[Round "3"]
[White "Sarveshwaran V"]
[Black "Nimmy, A.G."]
[Result "0-1"]
[WhiteTitle "CM"]
[BlackTitle "WIM"]
[WhiteElo "2290"]
[BlackElo "1990"]
[WhiteFideId "25699016"]
[BlackFideId "5015308"]
[EventDate "2025.05.20"]

1. e4 c5 2. Bc4 e6 3. Nc3 Nc6 4. Nf3 a6 5. a4 d6 6. d4 cxd4 7. Nxd4 Nf6 8. Be3
Qc7 9. Qe2 Be7 10. f3 O-O 11. O-O Bd7 12. Ba2 Rac8 13. Kh1 Rfe8 14. g4 d5 15. g5
Nh5 16. f4 Nxd4 17. Bxd4 Nxf4 18. Qf2 Bxg5 19. exd5 e5 20. Bb6 Qd6 21. Ne4 Qg6
22. Nxg5 Qxg5 23. Rg1 Qh6 24. Be3 Bf5 25. Rgc1 Be4+ 26. Kg1 Qg6+ 27. Kf1 Bxc2
28. Bb1 Bd3+ 29. Ke1 Rxc1+ 30. Bxc1 Bxb1 31. Qg3 Qe4+ 32. Be3 Bd3 33. Ra3 Ng2+
34. Kf2 Nxe3 35. Qxe3 Qxe3+ 36. Kxe3 Bc4 37. d6 Rd8 38. Rc3 Be6 39. Rc7 b5 0-1

[Event "Titled Tue 20th May Early"]
[Site "chess.com INT"]
[Date "2025.05.20"]
[Round "3"]
[White "Rustemov, Alexander"]
[Black "Dann, Matthias"]
[Result "0-1"]
[WhiteTitle "GM"]
[BlackTitle "IM"]
[WhiteElo "2525"]
[BlackElo "2446"]
[WhiteFideId "4119002"]
[BlackFideId "24638056"]
[EventDate "2025.05.20"]

1. d4 Nf6 2. c4 e6 3. Nf3 Bb4+ 4. Bd2 a5 5. g3 d6 6. Bg2 Nbd7 7. O-O e5 8. Bg5
exd4 9. Nxd4 h6 10. Be3 O-O 11. Nc2 Re8 12. h3 Ne5 13. b3 Bf5 14. a3 Bc5 15.
Bxc5 dxc5 16. Ne3 Be4 17. Nc3 Bxg2 18. Kxg2 Qc8 19. Qc2 Nc6 20. Rad1 Nd4 21. Qb1
Qe6 22. Rd2 Rad8 23. Rfd1 Qc6+ 24. Kh2 Ne4 25. Nxe4 Rxe4 26. Nd5 Rde8 27. Nc3
R4e5 28. Qd3 Qe6 29. Kg2 Rh5 30. h4 Re5 31. e3 Nf5 32. Qd7 Qg6 33. Kh2 Qh5 34.
Nd5 Nxh4 35. gxh4 Re4 36. f4 Qxh4+ 37. Qh3 Qxh3+ 38. Kxh3 c6 39. Nc7 Rxe3+ 40.
Kg4 R8e7 41. Rd8+ Kh7 42. R8d7 Kg6 43. Rxe7 f5+ 44. Kh4 Rxe7 45. Na8 Re3 46. Rb1
Kf6 47. Nb6 g5+ 48. fxg5+ hxg5+ 49. Kh5 Rh3# 0-1

[Event "Titled Tue 20th May Early"]
[Site "chess.com INT"]
[Date "2025.05.20"]
[Round "3"]
[White "Mohota, Nisha"]
[Black "Sabatier, Mathis"]
[Result "0-1"]
[WhiteTitle "IM"]
[BlackTitle "CM"]
[WhiteElo "2161"]
[BlackElo "2235"]
[WhiteFideId "5004330"]
[BlackFideId "26029685"]
[EventDate "2025.05.20"]

1. e4 e5 2. d4 exd4 3. Qxd4 Nc6 4. Qe3 Nf6 5. Nc3 Bb4 6. Bd2 O-O 7. O-O-O Re8 8.
Bd3 d5 9. Qg5 Re5 10. Qg3 d4 11. Nd5 Bxd2+ 12. Rxd2 Nxd5 13. exd5 Qxd5 14. c4
Re1+ 15. Rd1 Rxd1+ 16. Kxd1 Qa5 17. Nf3 Bf5 18. Bxf5 Qxf5 19. Nd2 Nb4 20. Qb3
Nd3 21. Rf1 Re8 22. Nf3 Nc5 23. Qc2 d3 24. Qd2 Ne4 25. Qb4 Qf4 26. a3 d2 27. Qb3
Nxf2+ 28. Rxf2 Re1+ 29. Nxe1 Qxf2 30. Nf3 Qf1+ 31. Kxd2 Qxg2+ 32. Ke3 Qf1 33.
Qxb7 h6 34. Qc8+ Kh7 35. Qf5+ Kg8 36. Qc8+ Kh7 37. Qxc7 Qc1+ 38. Kf2 Qxb2+ 39.
Kg3 Qxa3 40. Qe5 Qd3 41. c5 Qg6+ 42. Kf2 Qc2+ 43. Kg3 Qg6+ 44. Kh3 Qc6 45. Qd4
Qxf3+ 46. Kh4 g5# 0-1

[Event "Titled Tue 20th May Early"]
[Site "chess.com INT"]
[Date "2025.05.20"]
[Round "3"]
[White "Bortnyk, Olexandr"]
[Black "Papaioannou, Dimitrios"]
[Result "1-0"]
[WhiteTitle "GM"]
[BlackTitle "CM"]
[WhiteElo "2601"]
[BlackElo "2200"]
[WhiteFideId "14120828"]
[BlackFideId "25865137"]
[EventDate "2025.05.20"]

1. d4 Nf6 2. Nc3 d5 3. Bf4 c5 4. e4 Nxe4 5. Nxe4 dxe4 6. dxc5 Qa5+ 7. c3 Qxc5 8.
Qa4+ Nc6 9. Qxe4 Bf5 10. Qa4 e5 11. Be3 Qa5 12. Qxa5 Nxa5 13. O-O-O Nc6 14. f4
exf4 15. Bxf4 Be7 16. Nf3 O-O 17. Bc4 Rad8 18. Bd5 Rfe8 19. Rd2 h6 20. Rhd1 Rc8
21. h3 Nb4 22. Bb3 a5 23. a3 a4 24. Bxf7+ Kxf7 25. axb4 a3 26. bxa3 Bf6 27. Nd4
Rxc3+ 28. Kb2 Rcc8 29. Ka2 Bxd4 30. Rxd4 Rc2+ 31. Kb3 Rxg2 32. Rf1 Be6+ 33. Ka4
Kg8 34. Rf3 Bf5 35. Bc7 Be4 36. Rc3 Ra2 37. b5 Ra8+ 38. Kb4 Bf5 39. h4 Bc2 40.
Be5 Ra4+ 41. Kc5 Rxd4 42. Bxd4 Be4 43. Rg3 g5 44. hxg5 h5 45. Re3 Rc2+ 46. Kd6
Bf5 47. Re8+ Kf7 48. Re7+ Kf8 49. Rxb7 h4 50. Ke5 Bg4 51. Kf6 Ke8 52. g6 h3 53.
g7 Be6 54. Kxe6 1-0

[Event "Titled Tue 20th May Early"]
[Site "chess.com INT"]
[Date "2025.05.20"]
[Round "3"]
[White "Hayrapetyan, Edgar"]
[Black "Gadzhiev, Ruslan"]
[Result "1-0"]
[WhiteTitle "FM"]
[BlackTitle "CM"]
[WhiteElo "2161"]
[BlackElo "2169"]
[WhiteFideId "13313568"]
[BlackFideId "55671926"]
[EventDate "2025.05.20"]

1. e4 e6 2. d4 d5 3. Nc3 Bb4 4. e5 Ne7 5. Bd2 c5 6. Nce2 Bxd2+ 7. Qxd2 Qb6 8. c3
Nbc6 9. f4 Bd7 10. Nf3 Rc8 11. dxc5 Qxc5 12. Ned4 a6 13. Be2 O-O 14. O-O Nf5 15.
Kh1 Nfxd4 16. cxd4 Qb6 17. Rac1 Rc7 18. Rc3 Rfc8 19. Rfc1 h6 20. Bd3 Na5 21.
Rxc7 Rxc7 22. Rxc7 Qxc7 23. Kg1 Nc4 24. Bxc4 dxc4 25. Ne1 Bc6 26. Nc2 Qb6 27.
Qb4 Qxb4 28. Nxb4 Be4 29. a4 Kf8 30. Kf2 Ke7 31. g4 Kd7 32. Ke3 Bc6 33. a5 Bg2
34. Kf2 Bh1 35. Ke3 g5 36. f5 Bg2 37. d5 Bh3 38. dxe6+ fxe6 39. f6 Bxg4 40. Kd4
Be2 41. Na2 h5 42. Nc3 Bd3 43. Na4 Ke8 44. Nc5 Bf5 45. Nxb7 g4 46. Ke3 h4 47.
Kf2 Kf8 48. Nc5 Kf7 49. Nxa6 Be4 50. Nc7 g3+ 51. hxg3 h3 52. Kg1 c3 53. bxc3 1-0

[Event "Titled Tue 20th May Early"]
[Site "chess.com INT"]
[Date "2025.05.20"]
[Round "3"]
[White "Dzhaparov, Medet"]
[Black "Torres Rebolledo, Alvaro"]
[Result "0-1"]
[BlackTitle "FM"]
[WhiteElo "1678"]
[BlackElo "2336"]
[WhiteFideId "13803689"]
[BlackFideId "54587670"]
[EventDate "2025.05.20"]

1. e4 d6 2. d4 Nf6 3. Nc3 e5 4. dxe5 dxe5 5. Qxd8+ Kxd8 6. Nf3 Bd6 7. Be3 Ke7 8.
O-O-O a6 9. Bc4 h6 10. h3 Be6 11. Bxe6 Kxe6 12. Rhe1 b5 13. Bd2 Nbd7 14. a3 Nb6
15. Be3 Nc4 16. Nd2 Nxe3 17. Rxe3 c6 18. Nf3 a5 19. Red3 Rhd8 20. Re1 b4 21. Nb1
c5 22. b3 a4 23. Kb2 axb3 24. cxb3 Be7 25. Rxd8 Rxd8 26. a4 Nd7 27. Rd1 Rc8 28.
Nbd2 c4 29. Nxc4 Nc5 30. Nfd2 Nd3+ 31. Kc2 Nxf2 32. Rf1 Nxe4 33. Nxe4 f5 34. Nd2
e4 35. Re1 Bg5 36. g3 Rd8 37. g4 Rd3 38. gxf5+ Kxf5 39. Nxe4 Rxh3 40. Nxg5 Rh2+
41. Kc1 hxg5 42. Rf1+ Ke4 43. Rd1 g4 44. a5 g3 45. Kb1 g2 46. Rg1 Rh1 47. Kc2
Rxg1 48. Nd2+ Ke3 49. a6 Ra1 0-1

[Event "Titled Tue 20th May Early"]
[Site "chess.com INT"]
[Date "2025.05.20"]
[Round "3"]
[White "Shimanov, Aleksandr"]
[Black "Kuznetsov, Mikhail V."]
[Result "1-0"]
[WhiteTitle "GM"]
[BlackTitle "FM"]
[WhiteElo "2578"]
[BlackElo "2218"]
[WhiteFideId "4198603"]
[BlackFideId "4194900"]
[EventDate "2025.05.20"]

1. e4 c5 2. d4 cxd4 3. Qxd4 Nc6 4. Qd3 g6 5. Nc3 Bg7 6. Nf3 d6 7. Be2 Nf6 8. O-O
O-O 9. Nd5 Nd7 10. c3 b6 11. Bg5 h6 12. Bh4 Bb7 13. Rad1 Nc5 14. Qc2 Re8 15.
Rfe1 Rc8 16. Qb1 Ne6 17. Bf1 Ne5 18. Nxe5 Bxe5 19. Qc1 g5 20. Bg3 Bxd5 21. exd5
Nf4 22. Bb5 Rf8 23. Qc2 Rc5 24. Bc6 e6 25. Bxf4 gxf4 26. Qa4 exd5 27. Bxd5 Qg5
28. Bf3 a5 29. Rd3 Rb8 30. Red1 Qd8 31. Qe4 b5 32. Qf5 Qg5 33. Qe4 b4 34. c4 a4
35. b3 axb3 36. axb3 Ra5 37. h3 Qe7 38. Qf5 Qg5 39. Qe4 Qe7 40. R3d2 Ra3 41. Qd3
Rc8 42. Bd5 Qg5 43. Re2 Kh8 44. Qf3 Kg7 45. Qd3 h5 46. Rb1 h4 47. Qd2 Qg6 48.
Be4 f5 49. Bd5 Rb8 50. c5 Bc3 51. Qd3 dxc5 52. Re7+ Kh8 53. Bc4 f3 54. Qxf3 Rf8
55. Re6 Bf6 56. Rd1 Ra7 57. Qc6 Rg7 58. Bd5 f4 59. Qxc5 Qf5 60. Qxf8+ 1-0

[Event "Titled Tue 20th May Early"]
[Site "chess.com INT"]
[Date "2025.05.20"]
[Round "3"]
[White "Kosakowski, Jakub"]
[Black "Avramidou, Anastasia"]
[Result "1-0"]
[WhiteTitle "GM"]
[BlackTitle "FM"]
[WhiteElo "2530"]
[BlackElo "2294"]
[WhiteFideId "1185080"]
[BlackFideId "4239873"]
[EventDate "2025.05.20"]

1. e4 e6 2. d4 d5 3. Bd3 dxe4 4. Bxe4 Nf6 5. Bf3 Nbd7 6. Ne2 c5 7. O-O Be7 8.
Be3 O-O 9. dxc5 Bxc5 10. Qc1 Qe7 11. Nbc3 Ne5 12. Be4 Bxe3 13. Qxe3 Nc4 14. Qd4
Nxe4 15. Nxe4 Nb6 16. Rad1 e5 17. Qc5 Qxc5 18. Nxc5 Bf5 19. c3 Rab8 20. Ng3 Bg6
21. h4 Rfc8 22. Nd7 Nxd7 23. Rxd7 f6 24. Rfd1 Kf8 25. R7d2 Bf7 26. h5 Be6 27. h6
gxh6 28. f4 Ke7 29. f5 Bf7 30. Rd7+ Kf8 31. R1d6 Ke8 32. Ne4 Rc6 33. Nxf6+ Kf8
34. Rxc6 bxc6 35. b3 e4 36. Nxe4 Bd5 37. Nf6 Rb6 38. Rxd5 cxd5 39. Nd7+ Ke7 40.
Nxb6 axb6 41. Kf2 Kf6 42. b4 Kxf5 43. a4 Ke5 44. Ke3 h5 45. a5 bxa5 46. bxa5 Kd6
47. Kd4 Kc6 48. a6 Kb6 49. Kxd5 Kxa6 50. Kc6 h4 51. c4 Ka7 52. c5 h5 53. Kd7 1-0

[Event "Titled Tue 20th May Early"]
[Site "chess.com INT"]
[Date "2025.05.20"]
[Round "3"]
[White "Kjartansson, Gudmundur"]
[Black "Csonka, Balazs"]
[Result "0-1"]
[WhiteTitle "GM"]
[BlackTitle "IM"]
[WhiteElo "2437"]
[BlackElo "2469"]
[WhiteFideId "2301318"]
[BlackFideId "742910"]
[EventDate "2025.05.20"]

1. d4 Nf6 2. Nf3 d5 3. e3 c6 4. c4 Bg4 5. h3 Bh5 6. Nc3 e6 7. g4 Bg6 8. Qb3 Qb6
9. c5 Qc7 10. Ne5 Nbd7 11. Nxg6 hxg6 12. Bg2 Be7 13. Bd2 b6 14. cxb6 axb6 15.
Rc1 Qb7 16. O-O O-O 17. f4 b5 18. Bf3 Nb6 19. g5 Ne8 20. Rce1 Nd6 21. h4 b4 22.
Ne2 Nbc4 23. Bc1 Qa7 24. h5 gxh5 25. Bxh5 g6 26. Bf3 Rfb8 27. Kf2 Qxa2 28. Qd3
Nxb2 29. Bxb2 Qxb2 30. Rb1 Qa3 31. Rb3 Qa6 32. Qb1 Nc4 33. Rh1 Kg7 34. Rh6 Nd2
35. Qh1 Rh8 36. Rb2 Nc4 37. Rb1 Nd6 38. Qh2 Nf5 39. Rh1 Nxh6 40. gxh6+ Kh7 41.
f5 exf5 42. Qe5 Bf8 43. Nf4 Qb7 44. Nh3 Qe7 45. Qf4 Bxh6 46. Ng5+ Kg7 47. Rxh6
Rxh6 48. Kg3 b3 49. Bxd5 cxd5 50. Nf3 b2 51. Ne5 b1=Q 52. Nf3 Qh1 0-1

[Event "Titled Tue 20th May Early"]
[Site "chess.com INT"]
[Date "2025.05.20"]
[Round "3"]
[White "Rosen, Eric"]
[Black "Ermolaev, Evgeny"]
[Result "1-0"]
[WhiteTitle "IM"]
[BlackTitle "FM"]
[WhiteElo "2377"]
[BlackElo "2282"]
[WhiteFideId "2032562"]
[BlackFideId "24103195"]
[EventDate "2025.05.20"]

1. d4 Nf6 2. Bf4 g6 3. Nc3 d5 4. e3 Bg7 5. h4 h5 6. Nf3 O-O 7. Ne5 c5 8. dxc5
Qa5 9. Qd2 Be6 10. Bd3 Nbd7 11. a3 Nxe5 12. Bxe5 Qxc5 13. O-O Rfd8 14. Bd4 Qc8
15. f3 Bf5 16. Rad1 Bxd3 17. cxd3 Qc7 18. Rc1 Qg3 19. Qf2 Qxf2+ 20. Kxf2 Ne8 21.
Bxg7 Kxg7 22. d4 Rac8 23. Nb5 a6 24. Nc3 e6 25. Na4 Nd6 26. Nc5 Rc6 27. Rc3 Rdc8
28. Rfc1 Nb5 29. R3c2 Kg8 30. a4 Nd6 31. a5 b6 32. axb6 Rxb6 33. Ra1 Rcb8 34.
Nd3 Nc4 35. Ra2 Kf8 36. Ke2 Ke7 37. e4 f6 38. g3 Kf7 39. Kf2 f5 40. exd5 exd5
41. Re2 Kf6 42. g4 Kf7 43. Kg3 fxg4 44. fxg4 hxg4 45. Kxg4 Kf6 46. Rf2+ Kg7 47.
Re2 Kf6 48. Nc5 Rxb2 49. Nd7+ Kg7 50. Nxb8 Rxb8 51. Rxa6 Rf8 52. Ra7+ Kh6 53.
Ree7 g5 54. Re6+ Rf6 55. Rxf6# 1-0

[Event "Titled Tue 20th May Early"]
[Site "chess.com INT"]
[Date "2025.05.20"]
[Round "3"]
[White "Vasenev, Sergey"]
[Black "Tahmasebi, Hamidreza"]
[Result "0-1"]
[WhiteTitle "FM"]
[BlackTitle "FM"]
[WhiteElo "2283"]
[BlackElo "2298"]
[WhiteFideId "4126858"]
[BlackFideId "12537527"]
[EventDate "2025.05.20"]

1. e4 c5 2. Nf3 Nc6 3. d4 cxd4 4. Nxd4 Nf6 5. Nc3 e5 6. Ndb5 d6 7. Bg5 a6 8. Na3
b5 9. Bxf6 gxf6 10. Nd5 f5 11. g3 fxe4 12. Bg2 Bg7 13. Bxe4 O-O 14. Ne3 Qc7 15.
Qh5 h6 16. Nf5 Bxf5 17. Qxf5 Rfd8 18. c3 d5 19. Qh7+ Kf8 20. Bg2 b4 21. cxb4 e4
22. Rc1 Qd6 23. Nc2 Bxb2 24. Rd1 Bc3+ 25. Kf1 Qg6 26. Qxg6 fxg6 27. Ke2 Bxb4 28.
Nd4 Nxd4+ 29. Rxd4 Bc5 30. Rd2 Rd6 31. Rhd1 Rad8 32. Rc2 Bb6 33. Rcd2 Ke7 34. f3
e3 35. Rd3 Rc8 36. f4 Rc2+ 37. Kf1 e2+ 38. Ke1 exd1=Q+ 39. Kxd1 Rxg2 40. Rb3
Rxh2 41. a4 d4 42. Rxb6 Rxb6 0-1

[Event "Titled Tue 20th May Early"]
[Site "chess.com INT"]
[Date "2025.05.20"]
[Round "3"]
[White "Potawad, Anirudhha"]
[Black "Aarav Sinha"]
[Result "1-0"]
[WhiteTitle "FM"]
[BlackTitle "FM"]
[WhiteElo "2288"]
[BlackElo "2255"]
[WhiteFideId "45081506"]
[BlackFideId "25674064"]
[EventDate "2025.05.20"]

1. d4 Nf6 2. c4 e6 3. Nf3 d5 4. g3 dxc4 5. Bg2 c5 6. O-O Nc6 7. Qa4 Bd7 8. dxc5
Na5 9. Qc2 Bxc5 10. Ne5 O-O 11. Rd1 Qe7 12. Bd2 Nc6 13. Nxd7 Nxd7 14. Qxc4 Rac8
15. Nc3 a6 16. Rac1 Rfd8 17. a3 Nde5 18. Qa2 Bxf2+ 19. Kxf2 Ng4+ 20. Ke1 Qc5 21.
e3 Nxe3 22. Bxe3 Qxe3+ 23. Kf1 h6 24. Qc4 Qg5 25. Qf4 Qa5 26. h4 Qb6 27. Qf2 Qb3
28. Bf3 Ne5 29. Be4 Nc4 30. Kg1 Rxd1+ 31. Nxd1 Nd6 32. Rxc8+ Nxc8 33. Bc2 Qb5
34. Ne3 Nd6 35. Qd2 Qc5 36. b4 Qc7 37. Qd3 Kf8 38. Kf2 Qe7 39. Bd1 Qf6+ 40. Bf3
Qb2+ 41. Kg1 Qe5 42. Kh2 Ke7 43. Ng4 Qb2+ 44. Bg2 Nf5 45. Qe4 h5 46. Qxb7+ Kf8
47. Qb8+ Ke7 48. Qc7+ Ke8 49. Ne5 f6 50. Qd7+ Kf8 51. Qf7# 1-0

[Event "Titled Tue 20th May Early"]
[Site "chess.com INT"]
[Date "2025.05.20"]
[Round "3"]
[White "Haug, Havard"]
[Black "Javakhadze, Zurab"]
[Result "0-1"]
[WhiteTitle "FM"]
[BlackTitle "IM"]
[WhiteElo "2354"]
[BlackElo "2412"]
[WhiteFideId "1547887"]
[BlackFideId "13603647"]
[EventDate "2025.05.20"]

1. e4 e5 2. Nf3 Nc6 3. d4 exd4 4. Nxd4 Nf6 5. Nxc6 bxc6 6. Bd3 d5 7. exd5 cxd5
8. O-O Be7 9. c4 d4 10. Bg5 O-O 11. Bxf6 Bxf6 12. Nd2 Bb7 13. Ne4 Rb8 14. Qf3
Be7 15. Qh3 g6 16. b3 f5 17. Nd2 c5 18. Rfe1 Bd6 19. Nf3 Qf6 20. Re2 Rbe8 21.
Rae1 Rxe2 22. Rxe2 Bc6 23. Qh6 Re8 24. Rxe8+ Bxe8 25. Qd2 Qe7 26. Qe2 Qxe2 27.
Bxe2 a5 28. Ne1 Kf7 29. Bf3 g5 30. Bd5+ Kf6 31. g3 f4 32. g4 Bg6 33. Nf3 Bb1 34.
Nd2 Bxa2 35. Be4 d3 36. Bxh7 Ke5 37. Nf3+ Kf6 38. Nd2 Ke5 39. h4 gxh4 40. g5 Bf8
41. Nf3+ Kd6 42. Nd2 Ke5 43. Nf3+ Kd6 44. Bxd3 Bxb3 45. Nd2 a4 46. Nxb3 axb3 47.
g6 Bg7 48. Kg2 Ke5 49. Kh3 Kd4 50. Bb1 Kxc4 51. Kxh4 Kb4 52. Kg4 c4 53. Kxf4 c3
54. Ke3 c2 55. Bxc2 bxc2 56. Kd2 Kb3 57. f4 Kb2 0-1

[Event "Titled Tue 20th May Early"]
[Site "chess.com INT"]
[Date "2025.05.20"]
[Round "3"]
[White "Khodashenas, Mersad"]
[Black "Henriquez Villagra, Cristobal"]
[Result "1/2-1/2"]
[WhiteTitle "IM"]
[BlackTitle "GM"]
[WhiteElo "2471"]
[BlackElo "2597"]
[WhiteFideId "12514195"]
[BlackFideId "3409350"]
[EventDate "2025.05.20"]

1. e4 c6 2. Nf3 d5 3. Nc3 Bg4 4. h3 Bxf3 5. Qxf3 e6 6. Be2 Nf6 7. O-O Bc5 8. Rd1
O-O 9. d4 Bb4 10. e5 Nfd7 11. a3 Be7 12. b4 a5 13. Rb1 axb4 14. axb4 b5 15. Qg4
Kh8 16. Bd2 Ra3 17. Rb2 Na6 18. Nb1 Ra1 19. Bd3 Nc7 20. c3 Qe8 21. Qg3 Nb6 22.
h4 Nc4 23. Rc2 Qd8 24. h5 f5 25. exf6 Bxf6 26. Bf4 Ra7 27. Re2 e5 28. dxe5 Bh4
29. Qg4 Ne6 30. Qxe6 Rxf4 31. g3 Rf8 32. Qg4 Bg5 33. e6 Qe7 34. Bxc4 bxc4 35.
Nd2 Ra3 36. Nf3 Bf6 37. Nd4 Bxd4 38. Qxd4 h6 39. Qc5 Qxc5 40. bxc5 Re8 41. Rb1
Rxc3 42. Rb6 d4 43. Rxc6 Rc1+ 44. Kg2 d3 45. Rd2 Rc2 46. Rd1 d2 47. Rd6 c3 48.
c6 Rc1 49. c7 Rxd1 50. Rd8 Kh7 51. Rxe8 Rg1+ 52. Kxg1 d1=Q+ 53. Kg2 Qd5+ 54. Kg1
Qd1+ 55. Kg2 Qd5+ 56. Kg1 Qd1+ 1/2-1/2

[Event "Titled Tue 20th May Early"]
[Site "chess.com INT"]
[Date "2025.05.20"]
[Round "3"]
[White "Nielsen-Refs, Karl-Emil Elmer"]
[Black "Jovic, Stanoje"]
[Result "0-1"]
[WhiteTitle "CM"]
[BlackTitle "FM"]
[WhiteElo "2095"]
[BlackElo "2096"]
[WhiteFideId "1452797"]
[BlackFideId "905020"]
[EventDate "2025.05.20"]

1. d4 Nf6 2. Nf3 e6 3. Bf4 d5 4. e3 Bd6 5. Bg3 O-O 6. Bd3 b6 7. Qe2 c5 8. c3 a5
9. Nbd2 Ba6 10. O-O Ne4 11. Bxd6 Qxd6 12. Bxa6 Nxa6 13. Nxe4 dxe4 14. Nd2 f5 15.
Nc4 Qc7 16. Ne5 cxd4 17. exd4 Nb8 18. f3 exf3 19. Rxf3 Nd7 20. Nd3 Rae8 21. Re1
Nf6 22. Re3 Ne4 23. Nf2 Nxf2 24. Qxf2 Qc4 25. Qe2 Qxa2 26. Rxe6 Rxe6 27. Qxe6+
Qxe6 28. Rxe6 Rb8 29. Re5 g6 30. Rb5 Kf7 31. Kf2 Ke6 32. Ke3 Kd6 33. Kd3 Kc6 34.
c4 Re8 35. d5+ Kc7 36. b4 axb4 37. Rxb4 Ra8 38. Rb2 Ra1 39. Kd4 Re1 40. Rd2 Re4+
41. Kd3 h5 42. g3 h4 43. Re2 Rg4 44. Re7+ Kc8 45. Re8+ Kd7 46. Re3 f4 47. gxf4
Rxf4 48. Rh3 g5 49. Re3 Rf2 50. h3 Ra2 51. Ke4 Kd6 52. Kf5 Rg2 53. Rf3 Rg3 0-1

[Event "Titled Tue 20th May Early"]
[Site "chess.com INT"]
[Date "2025.05.20"]
[Round "3"]
[White "Garcia Gracia, Victor Hugo"]
[Black "Vlassov, Nikolai"]
[Result "0-1"]
[WhiteTitle "CM"]
[BlackTitle "IM"]
[WhiteElo "2206"]
[BlackElo "2291"]
[WhiteFideId "22295755"]
[BlackFideId "4103360"]
[EventDate "2025.05.20"]

1. e4 Nc6 2. Nf3 d5 3. exd5 Qxd5 4. Nc3 Qa5 5. Bc4 Bg4 6. h3 Bh5 7. g4 Bg6 8. d3
O-O-O 9. Qe2 e5 10. Bd2 Nd4 11. Nxd4 exd4 12. Ne4 Bb4 13. a3 Bxd2+ 14. Qxd2
Qxd2+ 15. Kxd2 Bxe4 16. dxe4 Nf6 17. f3 Rd7 18. Rae1 Rhd8 19. f4 h6 20. e5 Nd5
21. Bxd5 Rxd5 22. Re4 c5 23. h4 Kc7 24. Rhe1 b5 25. h5 Kc6 26. a4 a6 27. axb5+
axb5 28. Ra1 R5d7 29. e6 fxe6 30. Rxe6+ Kd5 31. Rae1 Kc4 32. R1e5 Kb4 33. Rc6 c4
34. Rb6 Rd5 35. Rxd5 Rxd5 36. Rb7 c3+ 37. Kc1 d3 38. bxc3+ Kxc3 39. cxd3 Rxd3
40. Rc7+ Kb3 41. Rxg7 Rf3 42. f5 Rf4 43. Rg6 Kc3 44. Rc6+ Kd4 45. Rb6 Rxg4 46.
Rxb5 Rg5 47. Rb4+ Ke5 48. Rb5+ Kf4 49. Kd2 Rxf5 50. Ke2 Rxb5 0-1

[Event "Titled Tue 20th May Early"]
[Site "chess.com INT"]
[Date "2025.05.20"]
[Round "3"]
[White "Genkeswaran, Genivan"]
[Black "Sobek, Jaroslav"]
[Result "1-0"]
[WhiteTitle "CM"]
[BlackTitle "FM"]
[WhiteElo "2197"]
[BlackElo "2195"]
[WhiteFideId "5754496"]
[BlackFideId "301388"]
[EventDate "2025.05.20"]

1. e4 c5 2. Nc3 a6 3. a4 Nc6 4. f4 e6 5. Nf3 d5 6. exd5 exd5 7. d3 Nf6 8. Be2
Be7 9. O-O O-O 10. Qe1 Re8 11. Qg3 Nb4 12. Bd1 d4 13. Ne4 Nxe4 14. dxe4 Bf8 15.
e5 Nd5 16. Ng5 h6 17. Ne4 Kh8 18. Bd2 Bf5 19. Bf3 Rb8 20. Rae1 Ne3 21. Bxe3 dxe3
22. Rxe3 Qd4 23. Re1 Qxb2 24. Qh4 Qxc2 25. Ng5 Kg8 26. Ne4 Rbd8 27. Qg3 b5 28.
Nf6+ Kh8 29. Nxe8 Rxe8 30. Bc6 Rc8 31. Bb7 Rb8 32. Bxa6 bxa4 33. Bd3 Bxd3 34.
Rxd3 c4 35. Rc3 Qd2 36. Rxc4 a3 37. Rcc1 a2 38. h3 Bc5+ 39. Kh2 Bd4 40. f5 a1=Q
41. Rxa1 Bxa1 42. Rxa1 Qg5 43. Qxg5 hxg5 44. Ra7 Kg8 45. Re7 Rb3 46. Re8+ Kh7
47. e6 fxe6 48. fxe6 Rc3 49. Rd8 Kg6 50. e7 Re3 51. e8=Q+ Rxe8 52. Rxe8 Kf7 53.
Re2 Kf6 54. Kg3 Kf5 55. Kf3 Kf6 56. g4 Kg6 57. Ra2 Kf6 58. Ra6+ 1-0

[Event "Titled Tue 20th May Early"]
[Site "chess.com INT"]
[Date "2025.05.20"]
[Round "3"]
[White "Toroptseva, Yevheniia"]
[Black "Goncharov, Vladimir"]
[Result "1-0"]
[WhiteTitle "WFM"]
[WhiteElo "2064"]
[BlackElo "2077"]
[WhiteFideId "34109374"]
[BlackFideId "34162256"]
[EventDate "2025.05.20"]

1. e4 e6 2. b3 d5 3. exd5 exd5 4. Bb2 c5 5. Nf3 Nc6 6. Bb5 Bg4 7. O-O Ne7 8. d4
cxd4 9. Bxd4 a6 10. Bxc6+ Nxc6 11. Re1+ Be6 12. Bb2 Rc8 13. a3 h5 14. h3 Rg8 15.
Nc3 Be7 16. Ne2 Qd7 17. Nf4 g6 18. Qe2 Nd8 19. Rad1 Qb5 20. Nxd5 Qxe2 21. Rxe2
Bxd5 22. Rxd5 Ne6 23. Nd4 Nf4 24. Rde5 Nxe2+ 25. Rxe2 Kd7 26. Nf3 Bd6 27. Rd2
Kc7 28. Be5 Bxe5 29. Nxe5 Rcd8 30. Re2 Rge8 31. Re3 Rd5 32. Nxf7 Rxe3 33. fxe3
Rd1+ 34. Kf2 Rd2+ 35. Kf3 Rxc2 36. Ne5 Rc3 37. Nxg6 Rxb3 38. a4 Rb4 39. Nf4 h4
40. Nd5+ Kc6 41. Nxb4+ Kc5 42. Nd3+ Kc4 43. e4 b5 44. axb5 axb5 45. Ke3 b4 46.
Nxb4 Kxb4 47. Kd4 Kb5 48. Kd5 Kb6 49. Kd6 Kb7 50. Kd7 Kb6 51. e5 Kc5 52. e6 Kd4
53. e7 Ke3 54. e8=Q+ Kf2 55. Qg6 Kg1 56. Kd6 Kh2 57. Ke5 Kg1 58. Ke4 Kh2 59. Ke3
Kg1 60. Kf3 Kh2 61. Kf2 Kh1 62. Qb1+ Kh2 63. Qg1# 1-0

[Event "Titled Tue 20th May Early"]
[Site "chess.com INT"]
[Date "2025.05.20"]
[Round "3"]
[White "Boramanikar, Tanisha S"]
[Black "Porozhnyak, Maya"]
[Result "0-1"]
[WhiteTitle "WCM"]
[BlackTitle "WCM"]
[WhiteElo "1743"]
[BlackElo "1974"]
[WhiteFideId "35023454"]
[BlackFideId "34115843"]
[EventDate "2025.05.20"]

1. e4 c5 2. Nf3 e6 3. d3 a6 4. Nbd2 b5 5. g3 Bb7 6. Bg2 d6 7. O-O Nd7 8. c3 Ngf6
9. Re1 Qc7 10. d4 e5 11. Nf1 Be7 12. d5 c4 13. h4 Nc5 14. N3h2 Bc8 15. Bg5 Nd3
16. Qe2 Nxe1 17. Rxe1 h6 18. Be3 a5 19. a3 Rb8 20. f4 b4 21. cxb4 axb4 22. Rc1
Ba6 23. Ng4 bxa3 24. bxa3 Rb3 25. fxe5 dxe5 26. Nd2 Rxa3 27. Nxf6+ gxf6 28. Nxc4
Bxc4 29. Rxc4 Rxe3 30. Qc2 Qa7 31. Rc8+ Bd8 32. Qc6+ Qd7 33. Rxd8+ Kxd8 34.
Qxf6+ Kc7 35. Qxh8 Qd6 36. Qg7 Kb6 37. Qxf7 Rxg3 38. Qf2+ Qc5 39. Qxc5+ Kxc5 40.
Kf2 Ra3 41. Bf3 Kd4 42. Kg3 Ke3 43. Kg4 Rd3 44. Bg2 Kf2 45. Bh3 Rg3+ 46. Kh5
Rxh3 47. Kxh6 Rxh4+ 48. Kg5 Rxe4 49. Kf5 Re1 50. d6 e4 51. Ke6 e3 52. d7 Rd1 53.
Ke7 Rxd7+ 0-1